000 00582nam a2200217 a 4500
001 BRCA_6239
005 20190320205400.0
008 200711s1925----gw-a######---#000-0#ger-#
041 _ager
044 _agw
050 4 _aNC1509
_b.Z5 Z547
_c1925
100 1 _aZille, Heinrich
_d1858-1929
_912389
245 1 0 _aDas Grosse Zille Album
_bKinder der Strasse
_cHeinrich Zille.
260 _aBerlín
_bDr. Eysler
_c1925
300 _a80 p.
_bil.
_c23 cm.
500 _aK98
650 1 4 _aHumorismo alemán
_96123
650 1 4 _aNiños en el arte
_915674
902 _aGFM
942 _2lcc
_cB
999 _c5926
_d5926